Best Soccer Player By Position - FC 25 - Statistics

General Stats
  • This quiz has been taken 228 times
  • The average score is 12 of 14
Answer Stats
Position Rating Team Player % Correct
ST 91 Real Madrid / Manchester City Kylian Mbappé / Erling Haaland
99%
LW 90 Real Madrid Vini Jr.
98%
CDM 91 Manchester City Rodri
96%
GK 89 PSG / Liverpool / Real Madrid / Barcelona Gianluigi Donnarumma / Alisson / Thibaut Courtois / Marc-André ter Stegen
95%
CM 90 Real Madrid / Manchester City Jude Bellingham / Kevin De Bruyne
95%
RW 89 Liverpool Mohamed Salah
95%
CB 89 Liverpool Virgil van Dijk
95%
CAM 89 Arsenal Martin Ødegaard
89%
CF 86 Al Ittihad Karim Benzema
83%
RB 86 Real Madrid Dani Carvajal
82%
LM 87 Arsenal Bukayo Saka
80%
RM 86 Real Madrid Rodrygo
77%
LWB 87 AC Milan Theo Hernández
76%
RWB 83 Tottenham Hotspur Pedro Porro
60%
No matching quizzes found
Score Distribution
Percent of People with Each Score
Percentile by Number Answered
Your Score History
You have not taken this quiz